Disparita výsledkov hospodárenia v agrárnom sektore a vplyv ľudských zdrojov na jej dimenzie

Ľudské zdroje a produktivita v agrárnom sektore krajín Európskej únie. Faktory produktivity poľnohospodárstva. Vývoj vybraných ukazovateľov v krajinách EÚ. Ľudské zdroje slovenského poľnohospodárstva po vstupe SR do EÚ. Ľudské zdroje v agrárnych podnikoch. Disparita dosahovaných výsledkov. Vplyv per...

Ausführliche Beschreibung

Gespeichert in:
Bibliographische Detailangaben
1. Verfasser: Grznár, Miroslav
Weitere Verfasser: Szabo, Ľuboslav
Format: Buchkapitel
Sprache:Slowakisch
Schlagworte:
Tags: Tag hinzufügen
Keine Tags, Fügen Sie das erste Tag hinzu!

MARC

LEADER 00000nla$a2200000$$$4500
001 0074858
005 20240502071900.6
041 0 |a slo 
044 |a SK 
245 1 0 |a Disparita výsledkov hospodárenia v agrárnom sektore a vplyv ľudských zdrojov na jej dimenzie  |c Miroslav Grznár, Ľuboslav Szabo 
520 |a Ľudské zdroje a produktivita v agrárnom sektore krajín Európskej únie. Faktory produktivity poľnohospodárstva. Vývoj vybraných ukazovateľov v krajinách EÚ. Ľudské zdroje slovenského poľnohospodárstva po vstupe SR do EÚ. Ľudské zdroje v agrárnych podnikoch. Disparita dosahovaných výsledkov. Vplyv personálneho vybavenia na efektívnosť poľnohospodárskych podnikov. 
610 2 0 |a poľnohospodárstvo 
610 2 0 |a podnik poľnohospodársky 
610 2 0 |a hospodárenie podnikové 
610 2 0 |a výnosy 
610 2 0 |a náklady 
610 2 0 |a zdroje ľudské 
610 2 0 |a konkurencieschopnosť 
610 2 0 |a efektívnosť 
610 2 0 |a produktivita 
610 2 0 |a Slovensko 
610 2 0 |a Európska únia 
100 1 |a Grznár, Miroslav 
700 1 |a Szabo, Ľuboslav